La gran aventura de la humanidad

שמור ב:
מידע ביבליוגרפי
מחבר ראשי: Toynbee, Arnold Joseph (autor)
פורמט: ספר
שפה:ספרדית
יצא לאור: Buenos Aires Emecé 1985
נושאים:
תגים: הוספת תג
אין תגיות, היה/י הראשונ/ה לתייג את הרשומה!

MARC

LEADER 00000nam a2200000 a 4500
001 UCX2154
003 CL-VaPUC
008 910327e19850000AG |||||||||||||||||spa|d
082 0 4 |a 909  |b TOY  |2 21 
100 |a Toynbee, Arnold Joseph   |e autor   |9 315218 
245 1 3 |a La gran aventura de la humanidad 
300 |a 559 p 
942 |c BK 
945 |d 19910327 00:00:00 
260 |a Buenos Aires  |b Emecé  |c 1985 
650 0 |a Historia universal  |9 266877 
583 |a last modification  |c 19910327 00:00:00  |k Rodrigo Vera 
999 |c 223237  |d 223235 
952 |0 0  |1 0  |4 0  |6 909_000000000000000_TOY_1985  |7 0  |8 A  |9 218818  |a BIBCUR  |b BIBCUR  |d 2019-11-15  |i 2876310  |o 909 TOY 1985  |p 2876310  |r 2025-04-22  |w 2019-11-15  |y BK  |k FIS 
952 |0 0  |1 0  |4 0  |6 909_000000000000000_TOY_1985  |7 0  |8 A  |9 218819  |a BIBHIS  |b BIBHIS  |d 2019-11-15  |i 1365541  |o 909 TOY 1985  |p 1365541  |r 2025-01-20  |w 2019-11-15  |y BK  |k HIS